| 000 | 00465nam a2200157Ia 4500 | ||
|---|---|---|---|
| 008 | 240729s9999 xx 000 0 und d | ||
| 022 | _a2307-2202 | ||
| 245 | 0 | _aPsychology in Russia: State of Art | |
| 260 | _aRussian Federation | ||
| 260 | _bM.V. Lomonosov Moscow State University | ||
| 650 | _a Psychology | ||
| 650 | _aPhilosophy. Psychology. Religion | ||
| 856 | _uhttps://doaj.org/toc/c7437330cee44b2aa09d4aa86504905d | ||
| 942 | _2ddc | ||
| 942 | _cDOAJEJ | ||
| 999 |
_c70525 _d70525 |
||
| 945 |
_a1 _bMadushi Gamage _c1 _dMadushi Gamage |
||